[Event "Tourn. n8482"]
[Site "www.chess-mail.com"]
[Date "2015.11.21"]
[Round "1"]
[White "Maredocla"]
[Black "Robert66"]
[WhiteElo "2040"]
[BlackElo "1920"]
[Result "1-0"]
[Round "1"]
1.f4 d5
2.Ng1f3 Ng8f6
3.b3 Nb8c6
4.Bc1b2 e6
5.e3 Bf8e7
6.Bf1e2 O-O
7.O-O h6
8.c4 dxc4
9.Be2xc4 Bc8d7
10.Nb1c3 a6
11.Bc4d3 Nc6b4
12.Bd3b1 Nf6d5
13.Nf3e5 Be7c5
14.a3 Nd5xc3
15.Bb2xc3 Nb4d5
16.Bc3b2 Qd8h4
17.Ne5xd7 { resign }
1-0

[Event "Tourn. n8419"]
[Site "www.chess-mail.com"]
[Date "2015.11.21"]
[Round "1"]
[White "Estonia"]
[Black "Xkafi"]
[WhiteElo "2100"]
[BlackElo "2000"]
[Result "0-1"]
[Round "1"]
1.d4 d5
2.c4 dxc4
3.Nb1c3 Ng8f6
4.e4 e5
5.d5 Bf8b4
6.Bf1xc4 Nf6xe4
7.Ng1e2 Ne4xf2
8.Kxf2 Qd8h4
9.g3 Qh4xc4
10.Bc1e3 Bc8g4
11.Qd1b3 Qc4xb3
12.axb3 Nb8d7
13.h3 Bg4f5
14.g4 Bf5c2
15.Rh1c1 Bc2xb3
16.Nc3b5 O-O
17.Rc1xc7 Nd7f6
18.Rc7xb7 Bb3xd5
19.Rb7xa7 Ra8xa7
20.Ra1xa7 Rf8c8
21.Nb5c3 Bd5e6
22.Ra7b7 h6
23.Rb7xb4 h5
24.g5 Nf6d7
25.h4 Be6g4
26.Ne2g3 f5
27.Ng3e2 f4
28.Be3d2 Nd7c5
29.Rb4b6 Rc8d8
30.Ke1 Nc5d3
31.Kf1 f3
32.Ne2c1 Bg4h3
33.Kg1 f2
34.Kh2 f1Q
{ resign }
0-1

[Event "Tourn. n8454"]
[Site "www.chess-mail.com"]
[Date "2015.11.21"]
[Round "1"]
[White "Faerieking"]
[Black "Rons"]
[WhiteElo "2310"]
[BlackElo "2540"]
[Result "0-1"]
[Round "1"]
1.e4 c5
2.d4 cxd4
3.c3 dxc3
4.Bf1c4 e6
5.Nb1xc3 a6
6.Ng1f3 b5
7.Bc4b3 Bc8b7
8.O-O b4
9.Nc3d5 exd5
10.exd5 Bf8d6
11.Rf1e1 Ng8e7
12.Nf3g5 O-O
13.Qd1h5 h6
14.Ng5e4 Qd8c7
15.Bc1xh6 Bd6xh2
16.Kh1 Qc7e5
17.Bh6g5 Ne7g6
18.Ne4f6 gxf6
19.Re1xe5 Bh2xe5
20.Bg5e3 Rf8e8
21.Be3c5 Kg7
22.Kg1 a5
23.Ra1b1 a4
24.Bb3c4 Re8c8
{ resign }
0-1

[Event "Tourn. n8389"]
[Site "www.chess-mail.com"]
[Date "2015.11.21"]
[Round "1"]
[White "Snebur56"]
[Black "Seger"]
[WhiteElo "2510"]
[BlackElo "2750"]
[Result "1/2-1/2"]
[Round "1"]
1.e4 c5
2.Ng1f3 d6
3.d4 cxd4
4.Nf3xd4 Nb8c6
5.Nb1c3 e5
6.Nd4b3 Bf8e7
7.Bc1e3 Ng8f6
8.f3 O-O
9.Qd1d2 Bc8e6
10.Nc3d5 a5
11.Be3b6 Qd8c8
12.Nd5xe7 Nc6xe7
13.Bb6xa5 Ne7c6
14.Ba5b6 d5
15.Bf1d3 dxe4
16.fxe4 Ra8a4
17.O-O Nf6xe4
18.Qd2e1 f5
19.a3 h6
20.Nb3c5 Ne4xc5
21.Bb6xc5 Rf8d8
22.Bc5b6 Rd8d5
23.b3 Ra4a8
24.a4 e4
25.Bd3c4 Rd5d6
26.Qe1g3 Qc8d7
27.Bc4b5 Kh7
28.Qg3e3 Ra8c8
29.Ra1e1 Rd6d5
{ draw }
1/2-1/2

[Event "Tourn. n8470"]
[Site "www.chess-mail.com"]
[Date "2015.11.21"]
[Round "1"]
[White "Roque1"]
[Black "Gatrooper"]
[WhiteElo "1640"]
[BlackElo "1540"]
[Result "1-0"]
[Round "1"]
1.e4 e5
2.Ng1f3 Nb8c6
3.Bf1b5 a6
4.Bb5a4 h6
5.Nb1c3 Ng8f6
6.d3 Bf8b4
7.Bc1d2 Bb4xc3
8.Bd2xc3 d6
9.O-O Bc8d7
10.Qd1d2 Nc6e7
11.Ba4b3 Bd7e6
12.Nf3h4 Nf6g4
13.f4 Be6xb3
14.axb3 f6
15.fxe5 dxe5
16.h3 h5
17.hxg4 hxg4
18.g3 g5
19.Rf1xf6 Ne7g8
20.Rf6e6 Ng8e7
21.Qd2xg5 Rh8g8
22.Qg5xg8 Kd7
23.Qg8xg4 Qd8e8
24.Re6xa6 Kd8
25.Ra6xa8 Ne7c8
26.Ra8xc8 Ke7
27.Nh4f5 Kf8
28.Qg4g7 
1-0

[Event "Match"]
[Site "www.echecsemail.com"]
[Date "2015.11.21"]
[Round "1"]
[White "Jeiroa"]
[Black "Carlosto"]
[WhiteElo "1499"]
[BlackElo "1410"]
[Result "0-1"]
[Round "1"]
1.e4 e6
2.Ng1f3 d5
3.Nf3g5 Nb8c6
4.exd5 Qd8xd5
5.Qd1f3 Qd5xf3
6.gxf3 e5
7.Bf1c4 Ng8h6
8.d3 Bc8f5
9.Nb1c3 O-O-O
10.f4 exf4
11.Bc1xf4 Rd8e8
12.Kd2 Nc6e5
13.Rh1e1 Bf8d6
14.d4 Ne5xc4
15.Kd1 Bd6xf4
16.Ng5f3 Bf5g4
17.Re1e4 Re8xe4
18.Nc3xe4 Rh8e8
19.Ke2 Re8xe4
20.Kd3 Nc4d6
21.Ra1e1 Re4xe1
22.Nf3xe1 Bg4f5
23.Kc3 Nd6b5
24.Kc4 c6
25.Ne1g2 Bf4d6
26.a4 Bf5e4
27.Ng2e3 Nb5c7
28.b4 b5
29.axb5 cxb5
30.Kb3 Nh6f5
31.f3 Nf5xe3
32.fxe4 g6
33.e5 Bd6e7
34.c3 f5
35.d5 Nc7xd5
36.e6 f4
37.Kb2 f3
38.Kc1 f2
39.Kd2 Be7g5
40.Kd3 f1Q
41.Kd4 Qf1f5
42.h4 Bg5f6
43.Kc5 Qf5xe6
44.Kxb5 Bf6xc3
45.Ka4 Qe6c6
46.b5 Qc6c4
47.Ka3 Ne3c2
{ resign }
0-1

[Event "Match"]
[Site "www.echecsemail.com"]
[Date "2015.11.21"]
[Round "1"]
[White "Juodivarnai"]
[Black "Geodad5"]
[WhiteElo "2200"]
[BlackElo "2180"]
[Result "1/2-1/2"]
[Round "1"]
1.e4 e5
2.Ng1f3 d6
3.Bf1c4 Bf8e7
4.Nb1c3 Ng8f6
5.d4 exd4
6.Nf3xd4 O-O
7.O-O Bc8d7
8.Bc1e3 a6
9.f3 Nb8c6
10.Qd1d2 Nc6e5
11.Bc4b3 Ne5g6
12.f4 Nf6g4
13.Nc3d5 Ng4xe3
14.Nd5xe7 Qd8xe7
15.Qd2xe3 Rf8e8
16.Ra1e1 Kh8
17.Qe3f2 f6
18.Nd4f5 Qe7f8
19.Nf5d4 Ra8d8
20.c3 Bd7c8
21.Bb3c2 Ng6e7
22.Bc2b3 { draw }
1/2-1/2

[Event "Match"]
[Site "www.echecsemail.com"]
[Date "2015.11.21"]
[Round "1"]
[White "Carlosto"]
[Black "Daviko"]
[WhiteElo "1450"]
[BlackElo "1590"]
[Result "1-0"]
[Round "1"]
1.d4 e6
2.e4 Ng8f6
3.Nb1c3 Bf8b4
4.e5 Nf6d5
5.Bc1d2 O-O
6.Ng1f3 f5
7.Bf1d3 Nb8c6
8.O-O d6
9.a3 Bb4a5
10.Rf1e1 dxe5
11.Nf3xe5 Nc6xd4
12.Nc3xd5 Qd8xd5
13.Bd3c4 Qd5c5
14.b4 Qc5e7
15.bxa5 Qe7c5
16.Bd2b4 Rf8d8
17.Bb4xc5 Nd4f3
18.gxf3 Rd8xd1
19.Ra1xd1 b6
20.Rd1d8 { resign }
1-0

[Event "Match"]
[Site "www.echecsemail.com"]
[Date "2015.11.21"]
[Round "1"]
[White "Crush"]
[Black "Stevep84"]
[WhiteElo "1570"]
[BlackElo "2160"]
[Result "0-1"]
[Round "1"]
1.e4 e5
2.Ng1f3 Nb8c6
3.Nb1c3 Ng8f6
4.Bf1c4 Nf6xe4
5.Nc3xe4 d5
6.Bc4d3 dxe4
7.Bd3xe4 Nc6d4
8.Nf3xd4 exd4
9.d3 Bf8d6
10.O-O O-O
11.Bc1d2 c5
12.f4 Ra8b8
13.Qd1h5 h6
14.f5 Qd8f6
15.Bd2e1 Bd6e7
16.Be1h4 Qf6xh4
17.Qh5xh4 Be7xh4
18.Rf1f3 b6
19.Rf3f4 Bh4g5
20.Rf4g4 Bc8b7
21.Be4xb7 Rb8xb7
22.Ra1f1 Rb7e7
23.h4 Bg5f6
24.c3 Re7e2
25.cxd4 Bf6xd4
26.Kh1 Rf8e8
27.Kh2 Re2xb2
28.f6 g6
29.h5 g5
30.a4 Re8e6
31.Rf1a1 Re6xf6
32.a5 Rf6f4
33.Rg4g3 Rf4h4
34.Rg3h3 Rh4xh3
35.Kxh3 Rb2b3
36.Ra1d1 bxa5
37.Kg4 a4
38.Kf5 a3
39.g3 a2
40.Ke4 a1Q
41.Rd1d2 Qa1e1
42.Kd5 Qe1e6

0-1

[Event "Match"]
[Site "www.echecsemail.com"]
[Date "2015.11.21"]
[Round "1"]
[White "Ranjachess"]
[Black "Rindrandria"]
[WhiteElo "1720"]
[BlackElo "1580"]
[Result "1-0"]
[Round "1"]
1.d4 c5
2.Bc1f4 d6
3.e3 a6
4.Bf1c4 Nb8c6
5.d5 Nc6b4
6.c3 Qd8a5
7.cxb4 Qa5xb4
8.Qd1d2 Qb4xc4
9.b3 Qc4b4
10.Qd2xb4 cxb4
11.a3 e5
12.Bf4g3 e4
13.axb4 b5
14.Nb1c3 Bc8b7
15.f3 exf3
16.Ng1xf3 O-O-O
17.Nf3g5 Ng8h6
18.O-O f6
19.Ng5e6 Rd8d7
20.Bg3f4 Nh6g4
21.h3 Ng4e5
22.g4 Ne5d3
23.Nc3e4 Bb7xd5
24.Ne6xf8 Rh8xf8
25.Ne4xd6 Kd8
26.Ra1xa6 Nd3xb4
27.Ra6a5 Bd5c6
28.Nd6xb5 Ke8
29.Bf4d6 Bc6xb5
30.Ra5xb5 Rd7xd6
31.Rb5xb4 Rd6d3
32.Rb4e4 Kd7
33.b4 g6
34.g5 f5
35.Re4d4 Rd3xd4
36.exd4 Kc6
37.Kf2 Rf8b8
38.Rf1b1 f4
39.b5 Kd5
40.Kf3 Rb8f8
41.Rb1b4 Rf8f5
42.h4 Rf5f8
43.b6 Kc6
44.b7 Rf8b8
45.Kxf4 Rb8xb7
46.Rb4xb7 Kxb7
47.Ke5 Kc7
48.Ke6 Kd8
49.d5 { resign }
1-0

[Event "Match"]
[Site "www.echecsemail.com"]
[Date "2015.11.21"]
[Round "1"]
[White "Gatrooper"]
[Black "Johnmcbride"]
[WhiteElo "1570"]
[BlackElo "1810"]
[Result "0-1"]
[Round "1"]
1.e4 e5
2.a3 d6
3.h3 c5
4.d3 h6
5.Ng1f3 Ng8f6
6.Nb1c3 Bc8e6
7.Bc1d2 a6
8.Bf1e2 b5
9.Bd2e3 Bf8e7
10.Qd1d2 Nb8c6
11.Nc3d5 Nf6xd5
12.exd5 Be6xd5
13.O-O O-O
14.c4 Bd5e6
15.cxb5 axb5
16.Nf3h2 Nc6a5
17.Be2f3 Ra8a7
18.b4 Na5b3
19.Qd2b2 Nb3xa1
20.Rf1xa1 Be7f6
21.Ra1e1 e4
22.Qb2e2 exf3
23.Nh2xf3 Ra7xa3
24.Be3c1 Ra3a6
25.Nf3h2 Rf8e8
26.Qe2f3 cxb4
27.Qf3g3 Kh8
28.Nh2g4 Be6xg4
29.Re1xe8 Qd8xe8
30.hxg4 Qe8e1
31.Kh2 Bf6e5
32.Bc1f4 Ra6a1
33.Kh3 Qe1h1
34.Qg3h2 Qh1xh2
35.Kxh2 Be5xf4
36.g3 Bf4e5
37.f4 Be5d4
38.Kg2 b3
39.f5 b2
{ resign }
0-1

[Event "Fast Game"]
[Site "www.echecsemail.com"]
[Date "2015.11.21"]
[Round "1"]
[White "Gatrooper"]
[Black "Malbertan"]
[WhiteElo "1290"]
[BlackElo "1399"]
[Result "0-1"]
[Round "1"]
1.e4 Nb8c6
2.Ng1f3 Ng8f6
3.Nb1c3 d6
4.h3 e5
5.Bf1b5 a6
6.Bb5xc6 bxc6
7.d3 h6
8.a3 Bc8e6
9.Bc1d2 Bf8e7
10.Qd1e2 O-O
11.g4 Nf6h7
12.g5 Nh7xg5
13.Bd2xg5 Be7xg5
14.h4 Bg5f6
15.h5 d5
16.exd5 cxd5
17.O-O-O d4
18.Nc3b1 c5
19.Rh1g1 Qd8b6
20.b3 a5
21.a4 Ra8b8
22.Qe2d2 Kh8
23.Rd1e1 c4
24.dxc4 Be6xc4
25.Kd1 d3
26.cxd3 Bc4xd3
27.Re1e3 Qb6xb3
28.Ke1 Qb3xb1
29.Qd2d1 Qb1xd1
30.Kxd1 e4
31.Nf3d2 Bf6d4
32.Re3h3 Bd4xf2
33.Rg1g2 Bf2d4
34.Rh3h2 e3
35.Rh2h4 Bd4f6
36.Rh4f4 exd2
37.Kxd2 Bf6g5
38.Rg2xg5 hxg5
39.Rf4d4 Rf8d8
40.Kxd3 Rd8xd4
41.Kxd4 Rb8b4
42.Kc5 Rb4xa4
43.Kb5 Ra4h4
44.Kxa5 g4
45.h6 Rh4xh6
{ resign }
0-1

[Event "Tourn. n8402"]
[Site "www.chess-mail.com"]
[Date "2015.11.22"]
[Round "1"]
[White "Silent1"]
[Black "Daquata"]
[WhiteElo "1830"]
[BlackElo "1850"]
[Result "1-0"]
[Round "1"]
1.d4 Ng8f6
2.c4 e6
3.Nb1c3 Bf8b4
4.Bc1d2 O-O
5.e3 d5
6.Ng1f3 Nb8d7
7.Bf1d3 c5
8.cxd5 Bb4xc3
9.Bd2xc3 Nf6xd5
10.Bc3d2 cxd4
11.Nf3xd4 Nd7f6
12.O-O Qd8b6
13.Nd4b3 Bc8d7
14.Bd2c3 Nd5xc3
15.bxc3 Rf8d8
16.Qd1c2 Ra8c8
17.Rf1c1 Nf6d5
18.Qc2d2 h6
19.c4 Nd5b4
20.Qd2e2  { time }
1-0

[Event "Tourn. n8450"]
[Site "www.chess-mail.com"]
[Date "2015.11.22"]
[Round "1"]
[White "Yangqi"]
[Black "Wwgia"]
[WhiteElo "2550"]
[BlackElo "2200"]
[Result "1-0"]
[Round "1"]
1.e4 c5
2.a3 g6
3.b4 Bf8g7
4.Nb1c3 b6
5.Ra1b1 e6
6.Bc1b2 Ng8e7
7.Qd1f3 Nb8c6
8.Nc3b5 O-O
9.Bb2xg7 Kxg7
10.bxc5 bxc5
11.Qf3c3 Kg8
12.Nb5d6 Qd8a5
13.Qc3xa5 Nc6xa5
14.f4 Ne7c6
15.Ng1f3 f6
16.h4 Nc6d4
17.Nf3xd4 cxd4
18.h5 Kg7
19.Kf2 Na5c6
20.hxg6 hxg6
21.Rb1b3 a5
22.Rb3h3 { resign }
1-0

[Event "Tourn. n8394"]
[Site "www.chess-mail.com"]
[Date "2015.11.22"]
[Round "1"]
[White "Falcoale"]
[Black "Daquata"]
[WhiteElo "1910"]
[BlackElo "1770"]
[Result "1-0"]
[Round "1"]
1.e4 e5
2.Ng1f3 Nb8c6
3.d4 exd4
4.Nf3xd4 Bf8c5
5.Nd4b3 Bc5b6
6.Nb1c3 d6
7.Nc3d5 Bc8e6
8.c4 h6
9.Nd5xb6 axb6
10.Bf1e2 Ng8f6
11.f3 O-O
12.O-O Nc6e5
13.Qd1c2 Ra8a4
14.Nb3d2 Ra4a8
15.b3 c5
16.Bc1b2 Ne5c6
17.a3 Qd8d7
18.Bb2xf6 gxf6
19.Qc2d3 Nc6e5
20.Qd3e3 Kh7
21.f4 Ne5g4
22.Be2xg4 Be6xg4
23.f5 Bg4h5
24.Rf1f4 Rf8g8
25.Qe3h3 Rg8g5
26.Nd2f3 Bh5xf3
27.Rf4xf3 Ra8g8
28.Rf3g3 Qd7e7
29.Ra1e1 Qe7e5
30.Re1e3 Qe5a1
31.Kf2 Qa1xa3
32.Kf3  { time }
1-0

[Event "Tourn. n8457"]
[Site "www.chess-mail.com"]
[Date "2015.11.22"]
[Round "1"]
[White "Dulap"]
[Black "Marandlen"]
[WhiteElo "1619"]
[BlackElo "1630"]
[Result "1-0"]
[Round "1"]
1.e4 c5
2.Ng1f3 e6
3.d4 cxd4
4.Nf3xd4 Nb8c6
5.Nb1c3 a6
6.Bc1e3 d6
7.Bf1e2 Ng8f6
8.O-O Bf8e7
9.Qd1d2 Qd8c7
10.Ra1d1 O-O
11.Rf1e1 d5
12.exd5 exd5
13.Be2f3 Bc8e6
14.h3 Ra8d8
15.a3 Nc6e5
16.Bf3e2 Ne5c4
17.Be2xc4 dxc4
18.Be3f4 Qc7b6
19.Qd2e3 Be7c5
20.Bf4e5 Bc5xd4
21.Be5xd4 Qb6c6
22.Bd4xf6 gxf6
23.Qe3f4 Rd8xd1
24.Re1xd1 Be6c8
25.Rd1d6 Qc6c5
26.Rd6xf6 Qc5h5
27.Qf4xc4 Qh5g5
28.Qc4f4 Qg5xf4
29.Rf6xf4 Rf8d8
30.Rf4c4 Bc8e6
31.Rc4c7 Rd8d7
32.Rc7xd7 Be6xd7
33.g4 Bd7c6
34.f4 Kg7
35.Kf2 Kg6
36.h4 f5
37.g5 Kh5
38.Kg3 h6
39.Nc3e2 Bc6e4
40.c3 hxg5
41.fxg5 b5
42.Ne2f4 
1-0

[Event "Tourn. n8457"]
[Site "www.chess-mail.com"]
[Date "2015.11.22"]
[Round "1"]
[White "Llcervello"]
[Black "Dulap"]
[WhiteElo "1700"]
[BlackElo "1619"]
[Result "0-1"]
[Round "1"]
1.e4 e5
2.d3 Ng8f6
3.f3 Nb8c6
4.Bc1g5 Bf8e7
5.h4 d6
6.g4 h6
7.Bg5xf6 Be7xf6
8.c3 Bf6xh4
9.Kd2 Bh4g5
10.Kc2 Bc8e6
11.b4 O-O
12.a4 Nc6e7
13.Nb1a3 Ne7g6
14.b5 Ng6f4
15.Ng1e2 Qd8e7
16.c4 a6
17.Qd1b1 axb5
18.axb5 c6
19.bxc6 bxc6
20.Ne2c1 d5
21.cxd5 cxd5
22.Qb1b2 Rf8c8
23.Kd1 dxe4
24.dxe4 Rc8d8
25.Ke1 Rd8b8
26.Qb2xe5 Ra8xa3
27.Qe5xb8 Kh7
28.Ra1b1 Ra3xf3
29.Rh1h2 Be6xg4
30.Rb1b4 Bg5h4
31.Rh2xh4 Qe7xh4
32.Kd2 Qh4f2
33.Bf1e2 Nf4xe2
34.Nc1xe2 Rf3e3
35.Qb8b5 Bg4xe2
36.Qb5f5 Qf2xf5
37.exf5 Re3e8
38.Rb4b7 Be2h5
39.Rb7b5 f6
40.Rb5b4 Re8e5
41.Rb4f4 g5
42.Rf4f2 Bh5g4
{ resign }
0-1

[Event "Tourn. n8449"]
[Site "www.chess-mail.com"]
[Date "2015.11.22"]
[Round "1"]
[White "Mitja"]
[Black "Wwgia"]
[WhiteElo "2000"]
[BlackElo "2200"]
[Result "0-1"]
[Round "1"]
1.d4 Ng8f6
2.e3 d6
3.c3 g6
4.h3 Bf8g7
5.Ng1f3 O-O
6.Bf1d3 Nb8d7
7.Nb1d2 e5
8.dxe5 dxe5
9.Nd2e4 Nf6xe4
10.Bd3xe4 Nd7c5
11.Qd1xd8 Rf8xd8
12.Be4c2 h6
13.O-O Bc8e6
14.b4 Nc5d3
15.Bc2xd3 Rd8xd3
16.Bc1b2 Ra8d8
17.a3 a6
18.Ra1c1 b6
19.Rf1e1 c5
20.Kh2 e4
21.Nf3g1 Bg7e5
22.g3 Rd3d2
23.Bb2a1 Rd2xf2
24.Kh1 Rd8d2
{ resign }
0-1

[Event "Tourn. n8394"]
[Site "www.chess-mail.com"]
[Date "2015.11.22"]
[Round "1"]
[White "Julian"]
[Black "Falcoale"]
[WhiteElo "1830"]
[BlackElo "1910"]
[Result "1-0"]
[Round "1"]
1.e4 c5
2.Ng1f3 Nb8c6
3.c3 Ng8f6
4.d3 e6
5.g3 Bf8e7
6.Bf1g2 O-O
7.O-O d5
8.e5 Nf6d7
9.d4 cxd4
10.cxd4 a5
11.Nb1c3 b6
12.Bc1e3 f6
13.Rf1e1 fxe5
14.dxe5 Nd7xe5
15.Nf3xe5 Nc6xe5
16.b3 Ne5g6
17.Nc3xd5 Kh8
18.Nd5xe7 Ra8a6
19.Qd1xd8 Rf8xd8
20.Ne7xg6 hxg6
21.Bg2e4 Kh7
22.Ra1d1 Rd8xd1
23.Re1xd1 e5
24.Rd1d8 Bc8f5
25.Be4xf5 gxf5
26.Rd8d6 f4
27.gxf4 exf4
28.Be3xb6 Ra6a8
29.Rd6d4 f3
30.Rd4f4 Ra8a6
31.Bb6d4 Ra6d6
32.Rf4g4 g6
33.h4 Rd6e6
34.Rg4f4 Re6e2
35.a4 { resign }
1-0

[Event "Tourn. n8442"]
[Site "www.chess-mail.com"]
[Date "2015.11.22"]
[Round "1"]
[White "Libiesse"]
[Black "Hundegana"]
[WhiteElo "2030"]
[BlackElo "2010"]
[Result "0-1"]
[Round "1"]
1.d4 d5
2.c4 dxc4
3.Ng1f3 b5
4.a3 a6
5.Nb1c3 Bc8b7
6.Bc1f4 Ng8f6
7.h3 Nf6e4
8.Qd1c2 Ne4xc3
9.bxc3 Nb8d7
10.e4 Nd7f6
11.Nf3d2 e6
12.f3 Nf6d7
13.Qc2b2 Bf8e7
14.Nd2xc4 Bb7xe4
15.fxe4 bxc4
16.Bf1xc4 Ra8b8
17.Qb2e2 a5
18.O-O O-O
19.Rf1f3 Nd7b6
20.Bc4d3 g5
21.Bf4d2 Nb6d7
22.Qe2f2 f6
23.Bd3c4 Rb8b6
24.Qf2g3 Kh8
25.Qg3g4 Qd8e8
26.a4 e5
27.dxe5 Nd7xe5
28.Qg4g3 Ne5xc4
29.Bd2e1 Be7d6
30.Qg3f2 Qe8xe4
31.Rf3xf6 Bd6h2
{ resign }
0-1

[Event "Tourn. n8486"]
[Site "www.chess-mail.com"]
[Date "2015.11.22"]
[Round "1"]
[White "Mitja"]
[Black "Norlavuaram"]
[WhiteElo "2010"]
[BlackElo "2280"]
[Result "0-1"]
[Round "1"]
1.d4 Ng8f6
2.e3 g6
3.c3 Bf8g7
4.Bf1c4 d5
5.Bc4b3 O-O
6.h3 b6
7.Ng1f3 c5
8.dxc5 bxc5
9.O-O Nb8c6
10.Bb3a4 Qd8c7
11.Qd1e2 Bc8b7
12.Rf1e1 e5
13.Nf3h2 Ra8d8
14.Nb1d2 d4
15.cxd4 exd4
16.Ba4xc6 Qc7xc6
17.Nd2f3 d3
18.Qe2d1 c4
{ resign }
0-1

[Event "Tourn. n8486"]
[Site "www.chess-mail.com"]
[Date "2015.11.22"]
[Round "1"]
[White "Panham"]
[Black "Mitja"]
[WhiteElo "2190"]
[BlackElo "2010"]
[Result "1-0"]
[Round "1"]
1.e4 d5
2.exd5 Qd8xd5
3.Nb1c3 Qd5d8
4.d4 e6
5.Ng1f3 c6
6.Bf1c4 h6
7.Bc1f4 Nb8d7
8.a3 Ng8f6
9.O-O Nd7b6
10.Bc4a2 Nb6d5
11.Nc3xd5 Nf6xd5
12.Bf4g3 Bf8e7
13.c4 Nd5f6
14.Qd1e2 O-O
15.Ra1d1 Rf8e8
16.Rf1e1 Nf6h7
17.d5 cxd5
18.cxd5 exd5
19.Rd1xd5 Qd8b6
20.Rd5d6 Qb6c5
21.Ba2xf7 Kxf7
22.Nf3e5 Kg8
23.Qe2h5 Nh7f6
24.Rd6xf6 Be7xf6
25.Qh5xe8 Qc5f8
26.Ne5c4 Bc8f5
27.Qe8h5 Bf5d3
28.Qh5d5 { resign }
1-0

[Event "Tourn. n8468"]
[Site "www.chess-mail.com"]
[Date "2015.11.22"]
[Round "1"]
[White "Louis"]
[Black "Bojan"]
[WhiteElo "1830"]
[BlackElo "2040"]
[Result "1/2-1/2"]
[Round "1"]
1.d4 d5
2.c4 dxc4
3.Ng1f3 b5
4.a4 c6
5.e3 Bc8f5
6.axb5 cxb5
7.Nb1c3 Qd8b6
8.Nf3e5 g6
9.Qd1f3 f6
10.Qf3xa8 fxe5
11.Qa8xa7 Qb6xa7
12.Ra1xa7 exd4
13.Nc3xb5 Nb8c6
14.Ra7a8 Kf7
15.Bf1xc4 Kg7
16.Nb5xd4 Nc6xd4
17.exd4 Bf5e4
18.Ra8a7 Be4xg2
19.Rh1g1 Bg2e4
20.d5 Kf6
21.Bc1g5 Ke5
22.Rg1g4 Be4f5
23.Bg5f4 Kf6
24.Bf4g5 Ke5
25.Bg5f4 { draw }
1/2-1/2

[Event "Tourn. n8381"]
[Site "www.chess-mail.com"]
[Date "2015.11.22"]
[Round "1"]
[White "Huw"]
[Black "Daquata"]
[WhiteElo "1639"]
[BlackElo "1660"]
[Result "1-0"]
[Round "1"]
1.d4 Ng8f6
2.c4 e6
3.Ng1f3 b6
4.Nb1c3 Bc8b7
5.Bc1g5 Bf8e7
6.e3 d5
7.Ra1c1 c5
8.a3 Nb8d7
9.Bf1d3 O-O
10.Qd1c2 h6
11.Bg5h4 dxc4
12.Bd3xc4 Bb7xf3
13.gxf3 cxd4
14.exd4 Nf6d5
15.Bh4xe7 Qd8xe7
16.Bc4xd5 exd5
17.Kf1 Qe7e6
18.h4 Nd7f6
19.Rc1e1 Qe6d6
20.Qc2f5 Rf8e8
21.Re1e5 Re8e6
22.f4 Nf6d7
23.Re5xd5 Qd6e7
24.Kg2  { time }
1-0

[Event "Tourn. n8371"]
[Site "www.chess-mail.com"]
[Date "2015.11.22"]
[Round "1"]
[White "Daquata"]
[Black "Huw"]
[WhiteElo "1660"]
[BlackElo "1439"]
[Result "0-1"]
[Round "1"]
1.e4 e5
2.Ng1f3 Nb8c6
3.Bf1c4 Bf8c5
4.Nb1c3 Ng8f6
5.d3 O-O
6.O-O d6
7.h3 Bc8e6
8.Bc4b3 a5
9.Bb3xe6 fxe6
10.Bc1e3 Nc6d4
11.Nc3a4 Bc5a7
12.b3 b5
13.Na4b2 c5
14.Nf3xd4 cxd4
15.Be3g5 Qd8c7
16.Ra1c1 Qc7c3
17.Rc1b1 Ba7c5
18.Bg5d2 Bc5b4
19.Bd2xc3 dxc3
20.Qd1e2 cxb2
21.Rb1xb2 Bb4c3
22.Rb2b1 b4
23.f4 Bc3d4
24.Kh1 exf4
25.Rf1xf4 Ra8c8
26.Rb1f1 Rf8f7
27.g4 h6
28.h4 Rc8c5
29.g5 hxg5
30.hxg5 Rc5xg5
31.Rf4h4 Nf6h5
32.Rh4xh5 Rf7xf1
33.Qe2xf1 Rg5xh5
34.Kg2 Rh5h6
 { time }
0-1

[Event "Tourn. n8402"]
[Site "www.chess-mail.com"]
[Date "2015.11.22"]
[Round "1"]
[White "Daquata"]
[Black "Gatrooper"]
[WhiteElo "1880"]
[BlackElo "1610"]
[Result "0-1"]
[Round "1"]
1.e4 e5
2.Ng1f3 Nb8c6
3.Bf1c4 d6
4.Nb1c3 Bc8e6
5.Nc3d5 Be6xd5
6.Bc4xd5 Nc6b4
7.Bd5xb7 Ra8b8
8.Bb7d5 Nb4xd5
9.exd5 h6
10.d3 Ng8f6
11.c4 c5
12.Qd1a4 Nf6d7
13.Qa4xa7 Rb8a8
14.Qa7b7 Bf8e7
15.O-O O-O
16.Qb7b3 Nd7f6
17.Bc1d2 Ra8b8
18.Qb3c2 Nf6g4
19.h3 Ng4f6
20.a3 Nf6h5
21.Rf1b1 f6
22.b4 cxb4
23.axb4 Nh5f4
 { time }
0-1

[Event "Tourn. n8448"]
[Site "www.chess-mail.com"]
[Date "2015.11.22"]
[Round "1"]
[White "Boyc"]
[Black "Dulap"]
[WhiteElo "1610"]
[BlackElo "1639"]
[Result "1/2-1/2"]
[Round "1"]
1.e4 e5
2.Ng1f3 Nb8c6
3.Bf1b5 a6
4.Bb5a4 Ng8f6
5.O-O Bf8e7
6.Rf1e1 b5
7.Ba4b3 d6
8.c3 O-O
9.h3 Bc8e6
10.d4 exd4
11.cxd4 Be6xb3
12.Qd1xb3 Nc6a5
13.Qb3c2 c5
14.dxc5 dxc5
15.Bc1d2 Na5c6
16.e5 Nf6d5
17.Nb1c3 Nc6b4
18.Qc2f5 Nd5c7
19.Re1d1 Qd8c8
20.Qf5xc8 Ra8xc8
21.Nc3e4 { draw }
1/2-1/2

[Event "Match"]
[Site "www.echecsemail.com"]
[Date "2015.11.22"]
[Round "1"]
[White "Shihchuliao"]
[Black "Jhw"]
[WhiteElo "2050"]
[BlackElo "1940"]
[Result "0-1"]
[Round "1"]
1.e4 e5
2.Ng1f3 Ng8f6
3.Bf1d3 Nb8c6
4.a3 a6
5.Nb1c3 Bf8c5
6.b4 Bc5a7
7.b5 Nf6g4
8.Rh1f1 Nc6d4
9.Nf3xd4 Ng4xh2
10.Rf1h1 Qd8h4
11.g3 Qh4h3
12.Nd4f3 Ba7xf2
13.Kxf2 Nh2g4
{ resign }
0-1

[Event "Match"]
[Site "www.echecsemail.com"]
[Date "2015.11.22"]
[Round "1"]
[White "Llord"]
[Black "Whitekknight"]
[WhiteElo "1860"]
[BlackElo "1920"]
[Result "1-0"]
[Round "1"]
1.e4 e5
2.Ng1f3 d6
3.Bf1c4 h6
4.d4 exd4
5.Qd1xd4 Nb8c6
6.Qd4d5 Bc8e6
7.Qd5d3 Qd8d7
8.Bc1e3 Bf8e7
9.O-O Ng8f6
10.Nb1c3 Be6g4
11.Be3f4 Nc6b4
12.Qd3d2 Bg4xf3
13.gxf3 Nf6h5
14.a3 Nb4c6
15.Bf4g3 O-O-O
16.Bc4xf7 Be7f6
17.Bf7xh5 Nc6e5
18.Bg3xe5 Bf6xe5
19.Bh5g4 { resign }
1-0

[Event "Match"]
[Site "www.echecsemail.com"]
[Date "2015.11.22"]
[Round "1"]
[White "Paco"]
[Black "Daquata"]
[WhiteElo "1890"]
[BlackElo "1820"]
[Result "1-0"]
[Round "1"]
1.e4 e5
2.Ng1f3 Nb8c6
3.d4 exd4
4.Nf3xd4 Bf8c5
5.Bc1e3 Bc5b6
6.Nd4f5 d6
7.Nf5xg7 Kf8
8.Qd1d2 Bb6xe3
9.fxe3 Kxg7
10.Qd2c3 Qd8f6
11.Qc3b3 Qf6h4
12.g3 Qh4xe4
13.Rh1g1  { time }
1-0

[Event "Match"]
[Site "www.echecsemail.com"]
[Date "2015.11.22"]
[Round "1"]
[White "Wwgia"]
[Black "Goosebumps"]
[WhiteElo "2200"]
[BlackElo "2140"]
[Result "0-1"]
[Round "1"]
1.d4 Ng8f6
2.c4 g6
3.Nb1c3 Bf8g7
4.e4 d6
5.Ng1f3 Nb8d7
6.Bf1e2 c5
7.O-O O-O
8.d5 a6
9.Bc1g5 Ra8b8
10.Qd1d2 Qd8a5
11.a3 Rf8e8
12.Bg5h6 Nf6h5
13.Bh6xg7 Kxg7
14.g4 Nh5f6
15.h3 e6
16.Rf1b1 exd5
17.exd5 Nd7e5
18.Nf3xe5 Re8xe5
19.b4 Qa5c7
20.bxc5 Qc7xc5
21.Nc3a4 Qc5c7
22.Na4b6 Nf6d7
23.f4 Qc7c5
24.Kg2 Re5e8
25.Nb6xd7 Bc8xd7
26.Qd2c3 Kg8
27.Be2f3 Re8e3
28.Qc3c1 f5
29.g5 Qc5d4
{ resign }
0-1

[Event "Match"]
[Site "www.echecsemail.com"]
[Date "2015.11.22"]
[Round "1"]
[White "Jhw"]
[Black "Dimos40"]
[WhiteElo "1870"]
[BlackElo "2079"]
[Result "0-1"]
[Round "1"]
1.c4 Ng8f6
2.e3 d5
3.h3 g6
4.b4 Bf8g7
5.d4 Nb8c6
6.b5 Nc6a5
7.c5 Nf6e4
8.Qd1a4 b6
9.c6 a6
10.Bc1a3 axb5
11.Bf1xb5 O-O
12.Ba3b2 Bc8a6
13.Ng1f3 Ba6xb5
14.Qa4xb5 Qd8d6
15.Nf3e5 Bg7xe5
16.dxe5 Qd6xc6
17.Qb5xc6 Na5xc6
18.O-O Nc6b4
19.Nb1a3 Nb4d3
20.Na3b5 Nd3xb2
21.Nb5xc7 Ra8a5
22.Rf1b1 Nb2c4
23.Rb1d1 e6
24.Rd1d3 Rf8c8
25.f3 Nc4xe5
26.Rd3b3 Ne4c5
27.Rb3xb6 Rc8xc7
28.Rb6b8 Kg7
29.f4 Ne5c4
30.Kf2 Rc7a7
31.g4 Ra5xa2
32.Ra1xa2 Ra7xa2
33.Kf3 Nc5e4
34.g5 Ra2f2
35.Kg4 Nc4xe3
36.Kh4 Rf2xf4

0-1

[Event "Match"]
[Site "www.echecsemail.com"]
[Date "2015.11.22"]
[Round "1"]
[White "Guidom"]
[Black "Lino"]
[WhiteElo "2150"]
[BlackElo "2039"]
[Result "0-1"]
[Round "1"]
1.e4 c5
2.Ng1f3 Nb8c6
3.c4 e5
4.Nb1c3 d6
5.d3 Bf8e7
6.Nc3d5 f5
7.exf5 Bc8xf5
8.a3 Ng8f6
9.Nd5xe7 Qd8xe7
10.Bf1e2 O-O
11.O-O d5
12.Rf1e1 dxc4
13.dxc4 Ra8d8
14.Qd1b3 e4
15.Nf3h4 Bf5g4
16.Bc1e3 Bg4xe2
17.Re1xe2 Nf6g4
18.g3 Nc6d4
19.Be3xd4 cxd4
20.Nh4g2 d3
21.Re2d2 Ng4e5
22.Ng2e1 Qe7f6
23.c5 Kh8
24.f4 e3
25.Ne1xd3 Ne5f3
{ resign }
0-1

[Event "Match"]
[Site "www.echecsemail.com"]
[Date "2015.11.22"]
[Round "1"]
[White "Comrade"]
[Black "Shihchuliao"]
[WhiteElo "2090"]
[BlackElo "2050"]
[Result "0-1"]
[Round "1"]
1.c4 d6
2.d4 h6
3.e4 b6
4.Nb1c3 c6
5.Ng1f3 e6
6.Bf1e2 Bc8b7
7.O-O Nb8d7
8.Rf1e1 Ng8f6
9.e5 dxe5
10.dxe5 Nf6g8
11.Bc1e3 Bf8c5
12.Be3xc5 bxc5
13.Nc3e4 Qd8c7
14.Ne4d6 Ke7
15.Nf3d2 Nd7xe5
16.Nd2e4 Ra8d8
17.f4 Ne5g6
18.g3 Rd8xd6
19.Ne4xd6 Qc7xd6
20.Qd1xd6 Kxd6
21.Ra1d1 Kc7
22.Rd1d2 Ng8f6
23.Re1d1 Bb7c8
24.Be2f3 e5
25.fxe5 Ng6xe5
26.Bf3e2 Nf6e4
27.Rd2c2 Rh8d8
28.Rd1xd8 Kxd8
29.Kg2 f5
30.Be2f3 Ne5xf3
31.Kxf3 h5
32.h3 g5
33.g4 hxg4
34.hxg4 Ne4d6
35.gxf5 Bc8xf5
36.Rc2d2 Kc7
37.b3 a5
38.Rd2g2 Bf5e4
39.Kg3 Be4xg2
40.Kxg2 Kd7
{ resign }
0-1